书目信息 |
| 题名: |
盗火
|
|
| 作者: | 谢列布里雅柯娃 著 ;青水 , 何宏江 等译 | |
| 分册: | 上册 | |
| 出版信息: | 北京 中国青年出版社 1984 |
|
| 页数: | 561页 | |
| 开本: | 21cm | |
| 丛书名: | ||
| 单 册: | ||
| 中图分类: | A712 | |
| 科图分类: | ||
| 主题词: | 马克思--生事迹 , 马克思--传记 , 恩格斯--生平事迹 , 恩格斯--传记 , 列宁--生平事迹 , 列宁--传记 , 毛泽东--生平事迹 , 毛泽--传记 | |
| 电子资源: | ||
| ISBN: | ||
| 000 | 01059nam0 2200373 45 | |
| 001 | 0184004013 | |
| 005 | 20031225095050.7 | |
| 010 | @dCNY3.70 | |
| 091 | @a10009.796 | |
| 100 | @a19950517d1984 em y0chiy0121 ea | |
| 101 | 1 | @achi@crus |
| 102 | @aCN@b110000 | |
| 105 | @ay z 000ay | |
| 106 | @ar | |
| 200 | 10 | @a盗火@h上册@Adao huo@f(苏)Г.谢列布里雅柯娃著@g何宏江等译 |
| 210 | @a北京@c中国青年出版社@d1984 | |
| 215 | @a561页@d21cm | |
| 300 | @a书名原文:Похищение огня | |
| 510 | 1 | @aПохищение огня@zrus |
| 606 | 0 | @a马克思@x生事迹 |
| 606 | 0 | @a马克思@x传记 |
| 606 | 0 | @a恩格斯@x生平事迹 |
| 606 | 0 | @a恩格斯@x传记 |
| 606 | 0 | @a列宁@x生平事迹 |
| 606 | 0 | @a列宁@x传记 |
| 606 | 0 | @a毛泽东@x生平事迹 |
| 606 | 0 | @a毛泽@x传记 |
| 690 | @aA712@v3 | |
| 701 | 1 | @a谢列布里雅柯娃@Axie lie bu li ya ke wa@bГ.@4著 |
| 702 | 0 | @a青水@Aqing shui@4等译 |
| 702 | 0 | @a何宏江@AHe Hong Jiang@4译 |
| 801 | 0 | @aCN@b上海图书馆@c20031225 |
| 801 | 2 | @aCN@bNLC@c20031225 |
| 905 | @dA712@e38:1@f1@b113189@b113191@f1 | |
| 盗火.上册/(苏)Г.谢列布里雅柯娃著/何宏江等译.-北京:中国青年出版社,1984 |
| 561页;21cm |
| 书名原文:Похищение огня |
| ISBN :CNY3.70 |
| ● |
| 相关链接 |
|
|
|
|
正题名:盗火
索取号:A712/38:1
 
预约/预借
| 序号 | 登录号 | 条形码 | 馆藏地/架位号 | 状态 | 备注 |
| 1 | 0113187 | 000955602 | 第一借阅区/ [索取号:A712/38:1] | 在馆 | |
| 2 | 0113188 | 000955684 | 第一借阅区/ [索取号:A712/38:1] | 在馆 | |
| 3 | 0113189 | 001718332 | 密集书库/ [索取号:A712/38:1] | 在馆 | |
| 4 | 0113190 | 000955648 | 第一样本阅览室/ [索取号:A712/38:1] | 在馆 | |
| 5 | 0113191 | 001857985 | 密集书库/ [索取号:A712/38:1] | 在馆 |